000 00447nam a2200181 i 4500
001 bg
100 1 _aGUROV, Kirill P.
245 0 _aVzaimnaja diffuzija w mnogofaznych metaličeskich sistemach.
260 _aMoskva :
_b"Nauka",
_c1981.
300 _a349 s.
700 1 _aKARTASKIN, Boris A.
700 1 _aUGASTE, Julo E.
040 _cBPK
041 _apol
080 _a539.2
942 _cKS
008 s pl f |000 0 pol
999 _c20366
_d20366
856 _uhttp://koha.tu.koszalin.pl/cgi-bin/koha/opac-detail.pl?biblionumber=20366
_yKatalog online BPK